Вып. 45 : Анализ и синтез в динамике механических систем; Вопросы динамики и прочности

מידע ביבליוגרפי
Parent link:Вопросы динамики и прочности: [сборник статей]/ Рижский политехнический институт. Вып. 45 : Анализ и синтез в динамике механических систем.— , 1953-1992
שפה:רוסית
יצא לאור: 1985
נושאים:
פורמט: ספר
KOHA link:https://koha.lib.tpu.ru/cgi-bin/koha/opac-detail.pl?biblionumber=287281

MARC

LEADER 00000nam2a2200000 4500
001 287281
005 20231101235956.0
020 |a RU  |b 85-36588ж 
035 |a (RuTPU)RU\TPU\book\311659 
090 |a 287281 
100 |a 20150313d1985 k y0rusy5003 ca 
101 0 |a rus 
102 |a LV 
105 |a a z 001zy 
200 0 |a Вып. 45 : Анализ и синтез в динамике механических систем 
210 |d 1985 
215 |d 21 см  |a 99 c.  |c ил. 
320 |a Библиография в конце статей 
461 1 |0 (RuTPU)RU\TPU\book\165334  |t Вопросы динамики и прочности  |o [сборник статей]  |f Рижский политехнический институт  |v Вып. 45 : Анализ и синтез в динамике механических систем  |d 1953-1992 
606 1 |a Машины  |x Динамика  |2 stltpush  |3 (RuTPU)RU\TPU\subj\41691  |9 61477 
606 1 |a Машины  |x Расчет на прочность  |2 stltpush  |3 (RuTPU)RU\TPU\subj\41695  |9 61481 
610 1 |a вибромашины 
610 1 |a ткацкие станки 
610 1 |a натяжение 
610 1 |a регуляторы 
610 1 |a эффект Зоммерфельда 
610 1 |a механические системы 
610 1 |a колебательные системы 
610 1 |a ударные стенды 
610 1 |a энергия 
610 1 |a потери 
610 1 |a компенсация 
675 |a 621.01:531.3  |z rus  |v 4 
675 |a 621.01:539.4  |z rus  |v 4 
801 0 |a RU  |b RuMRKP  |c 19950704  |g psbo 
801 1 |a RU  |b 63413507  |c 20150313 
801 2 |a RU  |b 63413507  |c 20180110  |g RCR 
942 |c BK